000 00753nam a2200241Ia 4500
003 OSt
005 20220926002510.0
006 a|||||r|||| 00| 0
007 ta
008 220923b |||||||| |||| 00| 0 eng d
037 _cGeneral Book
040 _aRTL
_cRTL
_beng
041 _2eng
_aeng
082 _aX9(F556).243(Y31).N6, K7
110 _aNational council of Applied Economic Research (New Delhi)
245 0 _aImpact of rural elecrification in Punjab
260 _a New Delhi
_bN.C.A.E.R.
_c1967
300 _a59p
_ccm.
650 _aPetroleum Industry
700 _aNational council of Applied Economic Research (New Delhi)
942 _hX9(F556).243(Y31).N6, K7
_cGB
_2CC
999 _c605238
_d605238